50 'A' Words In Album Titles - Statistics

General Stats
  • This quiz has been taken 25 times
  • The average score is 25 of 50
Answer Stats
Hint Answer Artist Year % Correct
______ Road Abbey The Beatles 1969
95%
____ Of Spades Ace Motörhead 1980
95%
How To Dismantle An _____ Bomb Atomic U2 2004
95%
Breakfast In ______ America Supertramp 1979
91%
_______ Idiot American Green Day 2004
91%
...And Justice For __ All Metallica 1988
86%
_______ For Destruction Appetite Guns N' Roses 1987
86%
The Times They Are ______' A-Changin Bob Dylan 1964
82%
Life _____ Death After The Notorious B.I.G. 1997
82%
Everything Will Be ______ In The End Alright Weezer 2014
82%
______ Dust Angel Faith No More 1992
82%
Brothers In ____ Arms Dire Straits 1985
82%
Toys In The ______ Attic Aerosmith 1975
77%
Me ______ The World Against 2pac 1995
73%
The Battle Of Los ______ Angeles Rage Against The Machine 1999
73%
Random ______ Memories Access Daft Punk 2013
68%
___ Aja Steely Dan 1977
64%
_______ Sane Aladdin David Bowie 1973
64%
Things Fall ______ Apart The Roots 1999
64%
_______ For The People Automatic R.E.M. 1992
64%
Outlandos D'_____ Amour The Police 1978
59%
______ Forces Armed Elvis Costello 1979
59%
_____: Bold As Love Axis The Jimi Hendrix Experience 1967
59%
_______ Aqualung Jethro Tull 1971
55%
______ Weeks Astral Van Morrison 1968
55%
_____ & Release Attack The Black Keys 2008
45%
In The ______ Over The Sea Aeroplane Neutral Milk Hotel 1998
41%
_____ Of Fortune Agents Blue Öyster Cult 1976
41%
Scream, ___, Fire Aim Bullet For My Valentine 2008
41%
Dreamboat _____ Annie Heart 1976
41%
Lark's Tongues In ____ Aspic King Crimson 1973
41%
Zen ______ Arcade Hüsker Dü 1984
36%
Stadium ______ Arcadium Red Hot Chili Peppers 2006
36%
___ Angels Art Grimes 2015
36%
________ Autobahn Kraftwerk 1974
36%
Foreign ______ Affairs Tom Waits 1977
32%
Selected ______ Works 85-92 Ambient Aphex Twin 1992
27%
______ The Living Among Anthrax 1987
27%
Southern ______ Accents Tom Petty & The Heartbreakers 1985
23%
For Emma, Forever ___ Ago Bon Iver 2007
23%
___ Shake Heartbreak Aha Kings Of Leon 2005
23%
____ Rap Acid Chance The Rapper 2013
18%
Lift Your Skinny Fists Like ______ To Heaven Antennas Godspeed You! Black Emperor 2000
18%
'______, My Love' Awaken Childish Gambino 2016
18%
The Age Of ___ Adz Sufjan Stevens 2010
9%
Silent ______ Alarm Bloc Party 2005
9%
In A Priest Driven ______ Ambulance The Flaming Lips 1990
9%
________ 91...The Enemy Strikes Back Apocalypse Public Enemy 1991
9%
_______ Attracted To Sinn Abnormally Tori Amos 2009
5%
The Moon & _______ Antarctica Modest Mouse 2000
5%
No matching quizzes found
Score Distribution
Percent of People with Each Score
Percentile by Number Answered
Your Score History
You have not taken this quiz